[Event "Championnat de Paris"]
[Site "Paris"]
[Date "????.??.??"]
[Round "3.30"]
[White "Eche, Sylvain"]
[Black "Toulzac, Pierre-Yves"]
[Result "1/2-1/2"]
[WhiteElo "2203"]
[BlackElo "2331"]
[PlyCount "105"]

1. e4 e6 2. d4 d5 3. e5 c5 4. c3 Nc6 5. Nf3 Qb6 6. a3 Bd7 7. b4 cxd4 8. cxd4
Rc8 9. Be3 Nh6 10. Bd3 Nf5 11. O-O Be7 12. Qd2 O-O 13. Nc3 Nxe3 14. fxe3 f6 15.
exf6 Bxf6 16. Na4 Qd8 17. Nc5 b6 18. Nb3 Be8 19. Rac1 Ne7 20. Rxc8 Qxc8 21. Rc1
Qb8 22. Qc2 Ba4 23. Bxh7+ Kh8 24. Bd3 e5 25. dxe5 Bxe5 26. Qb1 Qd6 27. Nbd4 Bd7
28. Rf1 Qh6 29. Qe1 Bd6 30. e4 Bf4 31. e5 Rc8 32. e6 Be3+ 33. Kh1 Be8 34. Qg3
Bf4 35. Qh4 Qxh4 36. Nxh4 Rc1 37. Rxc1 Bxc1 38. Nhf5 Nxf5 39. Nxf5 Kg8 40. Nd6
Kf8 41. Nxe8 Kxe8 42. a4 Ke7 43. Bf5 Ba3 44. b5 Kf6 45. Bg4 Ke5 46. Kg1 Kf4 47.
h3 Be7 48. Kf2 Bh4+ 49. Ke2 Bf6 50. Kd3 Ke5 51. Ke3 g5 52. Kd3 Kd6 53. Ke3
1/2-1/2

[Event "Championnat de Paris"]
[Site "Paris"]
[Date "????.??.??"]
[Round "3.31"]
[White "Rrhioua, Tarik"]
[Black "Vallepin, Cedric"]
[Result "1-0"]
[WhiteElo "2329"]
[BlackElo "2150"]
[PlyCount "81"]

1. Nf3 e6 2. g3 Nf6 3. b3 d5 4. Bb2 Be7 5. Bg2 O-O 6. O-O c5 7. d3 Nc6 8. c4 d4
9. e3 e5 10. exd4 exd4 11. Na3 Bg4 12. h3 Bf5 13. Nc2 a5 14. a3 Qb6 15. Nh4 Bd7
16. Rb1 Ne8 17. Nf3 Bf6 18. Qd2 Nc7 19. Ba1 Ne6 20. Rb2 Qc7 21. b4 axb4 22.
axb4 b6 23. Nh2 Rab8 24. Rfb1 h5 25. h4 Rfe8 26. Nf3 Be7 27. b5 Na5 28. Ra2 Bf6
29. Qd1 Be5 30. Ne3 Bd6 31. Nd5 Qd8 32. Bb2 Nc7 33. Nxb6 Bg4 34. Rxa5 Rxb6 35.
Qd2 Bxg3 36. fxg3 Re3 37. Rf1 Rf6 38. Nh2 Re2 39. Qc1 Nd5 40. Nxg4 Rg6 41. Qa1
1-0

[Event "Championnat de Paris"]
[Site "Paris"]
[Date "????.??.??"]
[Round "3.32"]
[White "Forthofer, Robert"]
[Black "Liard, Thibaud"]
[Result "1/2-1/2"]
[WhiteElo "2255"]
[BlackElo "2135"]
[PlyCount "72"]

1. e4 Nf6 2. e5 Nd5 3. d4 Nb6 4. Nf3 d5 5. exd6 cxd6 6. Bd3 g6 7. O-O Bg7 8.
Re1 O-O 9. Bg5 Re8 10. c3 Qc7 11. Nbd2 a5 12. Ne4 Bd7 13. c4 Nc6 14. c5 dxc5
15. dxc5 Nd5 16. Bc4 Ndb4 17. a3 Na6 18. Qb3 Rf8 19. Bh4 h6 20. Bg3 Qc8 21.
Rad1 Bg4 22. Nd6 exd6 23. Bxd6 a4 24. Qxa4 Bxf3 25. gxf3 Qf5 26. Bxf8 Rxf8 27.
Bxa6 Ra8 28. Qb5 Rxa6 29. Qxb7 Ne5 30. Rxe5 Bxe5 31. Qxa6 Qh3 32. Rd8+ Kh7 33.
Qc8 Bxh2+ 34. Kh1 Qxf3+ 35. Kxh2 Qxf2+ 36. Kh1 Qf1+ 1/2-1/2

[Event "Championnat de Paris"]
[Site "Paris"]
[Date "????.??.??"]
[Round "3.33"]
[White "Morabbi, Armin"]
[Black "Azadharf, Farrokh"]
[Result "0-1"]
[WhiteElo "2137"]
[BlackElo "2251"]
[PlyCount "70"]

1. e4 c5 2. Nf3 d6 3. d4 cxd4 4. Nxd4 Nf6 5. Nc3 a6 6. Rg1 Nc6 7. g4 Nxd4 8.
Qxd4 e5 9. Qd1 Be6 10. g5 Nd7 11. Be3 Nb6 12. Qd2 Rc8 13. Bxb6 Qxb6 14. Rg3 h6
15. g6 Be7 16. Bh3 Bxh3 17. gxf7+ Kxf7 18. Rxh3 Rhf8 19. Qd5+ Ke8 20. O-O-O
Rxf2 21. Qg8+ Bf8 22. Qe6+ Kd8 23. Rhd3 Qc5 24. Rd5 Rf6 25. Qxe5 Qe3+ 26. Kb1
Rc6 27. Qh5 Qf3 28. Qh4 g5 29. Qe1 Re6 30. a3 Bg7 31. e5 Bxe5 32. Ne4 Bxb2 33.
Qa5+ b6 34. Qxa6 Qxa3 35. Rxd6+ Rexd6 0-1

[Event "Championnat de Paris"]
[Site "Paris"]
[Date "????.??.??"]
[Round "4.1"]
[White "Dizdar, Goran"]
[Black "Tregubov, Pavel V"]
[Result "1-0"]
[WhiteElo "2521"]
[BlackElo "2594"]
[PlyCount "75"]

1. d4 d5 2. c4 c6 3. Nf3 e6 4. e3 Nf6 5. Bd3 Nbd7 6. Nbd2 Bd6 7. O-O O-O 8. e4
e5 9. cxd5 cxd5 10. exd5 exd4 11. Ne4 Nxe4 12. Bxe4 Nf6 13. Qxd4 Nxe4 14. Qxe4
Re8 15. Qd4 Bf5 16. Bg5 Qa5 17. Bd2 Qa6 18. Rfe1 Rxe1+ 19. Bxe1 Re8 20. Bb4 Re4
21. Re1 Rxe1+ 22. Nxe1 Bxb4 23. Qxb4 Qe2 24. h3 f6 25. d6 Qd1 26. Kh2 Qd5 27.
Nf3 Kf7 28. Nd4 Bd7 29. a3 a5 30. Qb6 Qe5+ 31. g3 Qe1 32. Qb3+ Kf8 33. Qc2 Qe5
34. Qc7 Qxd4 35. Qd8+ Kf7 36. Qxd7+ Kg6 37. Qe8+ Kg5 38. Qe3+ 1-0

[Event "Championnat de Paris"]
[Site "Paris"]
[Date "????.??.??"]
[Round "4.3"]
[White "Marzolo, Cyril"]
[Black "Jovanic, Ognjen"]
[Result "1/2-1/2"]
[WhiteElo "2440"]
[BlackElo "2464"]
[PlyCount "34"]

1. d4 d5 2. Nf3 Nf6 3. Bf4 c6 4. e3 Bg4 5. c4 Nbd7 6. Nc3 e6 7. Qb3 Bxf3 8.
gxf3 Qb6 9. c5 Qxb3 10. axb3 a6 11. b4 Nh5 12. Bg3 Rc8 13. h3 f5 14. f4 Kf7 15.
Be2 Nhf6 16. f3 Be7 17. Kd2 Ne8 1/2-1/2

[Event "Championnat de Paris"]
[Site "Paris"]
[Date "????.??.??"]
[Round "4.4"]
[White "Landa, Konstantin"]
[Black "Drasko, Milan"]
[Result "1/2-1/2"]
[WhiteElo "2584"]
[BlackElo "2521"]
[PlyCount "20"]

1. e4 e6 2. d4 d5 3. Nc3 Bb4 4. e5 Ne7 5. a3 Bxc3+ 6. bxc3 c5 7. Qg4 O-O 8. Bd3
f5 9. exf6 Rxf6 10. Qh5 h6 1/2-1/2

[Event "Championnat de Paris"]
[Site "Paris"]
[Date "????.??.??"]
[Round "4.5"]
[White "Pira, Davoud"]
[Black "Jankovic, Alojzije"]
[Result "1/2-1/2"]
[WhiteElo "2386"]
[BlackElo "2525"]
[PlyCount "105"]

1. d4 Nf6 2. Nf3 g6 3. g3 Bg7 4. Bg2 O-O 5. O-O d5 6. c4 dxc4 7. Na3 c3 8. bxc3
c5 9. e3 Nc6 10. Qe2 Bf5 11. Rd1 Qb6 12. Nd2 cxd4 13. cxd4 Rac8 14. Nb3 Na5 15.
Nxa5 Qxa5 16. e4 Bg4 17. f3 Bd7 18. Qb2 Ba4 19. Rd3 Nd7 20. Be3 Nc5 21. Rd2 Ne6
22. Rc1 b5 23. e5 Rxc1+ 24. Qxc1 Nc7 25. Qc5 e6 26. Nc4 Qc3 27. Qxc7 bxc4 28.
Kf2 Qb4 29. Bf1 c3 30. Rd3 Qb2+ 31. Be2 c2 32. Qxa7 Qxa2 33. Rc3 Qb2 34. Qc5
Rb8 35. Qa3 Bf8 36. Qxb2 Rxb2 37. Rc8 Kg7 38. d5 Ba3 39. dxe6 fxe6 40. Rc7+ Kf8
41. Rc3 Bb4 42. Rc4 Ke8 43. Rc8+ Kd7 44. Rc4 Bb5 45. Bc1 Bxc4 46. Bxb2 Bb3 47.
Ke3 Kc6 48. f4 Bc5+ 49. Ke4 Bg1 50. h3 h5 51. g4 h4 52. Bf3 Kb6 53. Kd3 1/2-1/2

[Event "Championnat de Paris"]
[Site "Paris"]
[Date "????.??.??"]
[Round "4.7"]
[White "Bauer, Christian"]
[Black "Monroy, Charles"]
[Result "1-0"]
[WhiteElo "2599"]
[BlackElo "2388"]
[PlyCount "51"]

1. c4 e6 2. Nc3 Bb4 3. Qb3 c5 4. Nb5 Nf6 5. a3 Ba5 6. Nd6+ Ke7 7. Nxc8+ Qxc8 8.
Nf3 Nc6 9. e3 Qc7 10. Qc2 Rad8 11. Rb1 a6 12. Be2 Rhg8 13. O-O g5 14. b4 cxb4
15. d4 g4 16. Ne1 d5 17. Nd3 dxc4 18. Qxc4 Ke8 19. Nc5 Nd5 20. Bd2 b5 21. Qc2
Nf4 22. Bxb4 Bxb4 23. Nxa6 Qb7 24. Bxb5 Kf8 25. Bxc6 Qxa6 26. axb4 1-0

[Event "Championnat de Paris"]
[Site "Paris"]
[Date "????.??.??"]
[Round "4.9"]
[White "Fridman, Daniel"]
[Black "Draoui, Najib"]
[Result "1/2-1/2"]
[WhiteElo "2569"]
[BlackElo "2379"]
[PlyCount "98"]

1. d4 d5 2. c4 c6 3. Nc3 Nf6 4. Nf3 a6 5. c5 Nbd7 6. Bf4 Nh5 7. Bd2 Nhf6 8. Rc1
g6 9. h3 Qc7 10. g3 Bg7 11. Bf4 Qd8 12. Bg2 O-O 13. O-O Nh5 14. Bg5 f5 15. Qd2
Qe8 16. Bh6 e5 17. Bxg7 Nxg7 18. Nxe5 Nxe5 19. dxe5 Qxe5 20. e3 Be6 21. Ne2
Rae8 22. b4 Bd7 23. a4 g5 24. Rfe1 Qf6 25. Kh2 Qh6 26. b5 axb5 27. axb5 Nh5 28.
bxc6 bxc6 29. Nd4 Nf6 30. Qa5 f4 31. exf4 gxf4 32. Rxe8 fxg3+ 33. fxg3 Ng4+ 34.
Kg1 Qxc1+ 35. Re1 Qb2 36. Nxc6 Qf2+ 37. Kh1 Bxc6 38. hxg4 Ra8 39. Qb4 Qxg3 40.
Rb1 Rf8 41. Qd4 Rf7 42. Rf1 Rxf1+ 43. Bxf1 Qc3 44. Qxc3 d4+ 45. Qf3 Bxf3+ 46.
Kh2 Bxg4 47. Kg3 h5 48. Kf4 Kf7 49. Ke4 Ke7 1/2-1/2

[Event "Championnat de Paris"]
[Site "Paris"]
[Date "????.??.??"]
[Round "4.10"]
[White "Nguyen, Chi-Minh"]
[Black "David, Alberto"]
[Result "1/2-1/2"]
[WhiteElo "2343"]
[BlackElo "2546"]
[PlyCount "46"]

1. d4 Nf6 2. c4 e6 3. Nc3 Bb4 4. e3 O-O 5. Nf3 d5 6. Bd3 c5 7. O-O dxc4 8. Bxc4
Nbd7 9. Qe2 cxd4 10. exd4 Bxc3 11. bxc3 Qc7 12. Bg5 b6 13. Rac1 Bb7 14. Bd3
Rfe8 15. Rfe1 Rac8 16. Ne5 Nxe5 17. dxe5 Qc6 18. Qf1 Nd7 19. Bb5 Qc7 20. Rcd1
Bc6 21. Ba6 Bb7 22. Bb5 Bc6 23. Ba6 Bb7 1/2-1/2

[Event "Championnat de Paris"]
[Site "Paris"]
[Date "????.??.??"]
[Round "4.11"]
[White "Evdokimov, Alexander A"]
[Black "Mullon, Jean-Baptiste"]
[Result "1-0"]
[WhiteElo "2500"]
[BlackElo "2375"]
[PlyCount "57"]

1. d4 d5 2. c4 c6 3. Nf3 Nf6 4. Nc3 dxc4 5. e3 b5 6. a4 b4 7. Na2 e6 8. Bxc4
Nbd7 9. O-O c5 10. Bd2 Qb6 11. a5 Qxa5 12. Nxb4 Qc7 13. Na6 Bxa6 14. Rxa6 cxd4
15. Bxe6 Nc5 16. Bc4 Nxa6 17. Qa4+ Nd7 18. Bxa6 Rb8 19. exd4 Be7 20. Ne5 f6 21.
Rc1 Qd6 22. Rc6 fxe5 23. Rxd6 Bxd6 24. Qc6 Ke7 25. Bg5+ Nf6 26. dxe5 Bxe5 27.
Qc5+ Bd6 28. Qxa7+ Ke6 29. Bc4+ 1-0

[Event "Championnat de Paris"]
[Site "Paris"]
[Date "????.??.??"]
[Round "4.12"]
[White "Bellaiche, Anthony"]
[Black "Calistri, Tristan"]
[Result "0-1"]
[WhiteElo "2482"]
[BlackElo "2370"]
[PlyCount "152"]

1. d4 Nf6 2. c4 g6 3. Nc3 Bg7 4. e4 d6 5. Nf3 O-O 6. Be2 e5 7. Be3 Ng4 8. Bg5
f6 9. Bc1 exd4 10. Nxd4 f5 11. h3 Nh6 12. exf5 Nxf5 13. Nxf5 gxf5 14. Nd5 c6
15. Nf4 Na6 16. O-O Nc5 17. Nh5 Be5 18. Bf4 Ne6 19. Bh6 Rf7 20. f4 Bh8 21. Kh2
Nf8 22. Qd3 Be6 23. Rab1 d5 24. cxd5 cxd5 25. Bf3 d4 26. Rbe1 Bd5 27. Re8 Qxe8
28. Bxd5 Qd7 29. Bb3 Re8 30. Rf3 Re6 31. Rg3+ Rg6 32. Qc4 b5 33. Qb4 Ne6 34.
Qe1 Nc5 35. Bd5 Ne4 36. Bxe4 Qe8 37. Rxg6+ hxg6 38. Qg3 Kh7 39. Bd5 Kxh6 40.
Qg5+ Kh7 41. Qh4 gxh5 42. Qxh5+ Kg7 43. Qg5+ Kf8 44. Qg6 Qd7 45. Bb3 Bg7 46. a3
Qc7 47. Qe6 Qxf4+ 48. Kh1 Qc1+ 49. Kh2 Be5+ 50. Qxe5 Qc7 51. Qxc7 Rxc7 52. Kg3
Rg7+ 53. Kf3 Ke7 54. g4 Kf6 55. Bc2 fxg4+ 56. hxg4 Ke5 57. Bd3 Rb7 58. g5 b4
59. a4 Rf7+ 60. Kg3 b3 61. g6 Rc7 62. a5 Kf6 63. Kf4 Rc2 64. Ke4 Rxb2 65. Kxd4
Rc2 66. Ke3 Rc5 67. Kd2 b2 68. Bc2 Rxa5 69. Kc3 Rb5 70. Bb1 a5 71. Kc4 Rb8 72.
Kc3 a4 73. Kd2 a3 74. Kc2 Rc8+ 75. Kb3 Rc1 76. Ka2 Kg7 0-1

[Event "Championnat de Paris"]
[Site "Paris"]
[Date "????.??.??"]
[Round "4.13"]
[White "Chabanon, Jean-Luc"]
[Black "Do, Huu-Thi"]
[Result "1-0"]
[WhiteElo "2404"]
[BlackElo "2170"]
[PlyCount "53"]

1. d4 Nc6 2. Nf3 b6 3. g3 d5 4. Bg2 Bb7 5. O-O Qd7 6. c4 e6 7. Nc3 Bb4 8. cxd5
exd5 9. Bf4 Nge7 10. Nb5 Bd6 11. Nxd6+ cxd6 12. Qd3 f5 13. Qa3 Rd8 14. Rac1 h6
15. h4 O-O 16. Rc2 Rf6 17. Rfc1 Rc8 18. Be3 Kh8 19. Qa4 Rff8 20. Rc3 a6 21. Qd1
b5 22. Ne1 b4 23. R3c2 a5 24. Nd3 Qe6 25. Nf4 Qf7 26. h5 Ba6 27. Rxc6 1-0

[Event "Championnat de Paris"]
[Site "Paris"]
[Date "????.??.??"]
[Round "4.14"]
[White "Guliyev, Namig"]
[Black "Touboulic, Julien"]
[Result "1-0"]
[WhiteElo "2543"]
[BlackElo "2244"]
[PlyCount "81"]

1. e4 c5 2. Nf3 e6 3. d4 cxd4 4. Nxd4 a6 5. Bd3 Nf6 6. O-O Qc7 7. Qe2 d6 8. Kh1
g6 9. f4 Bg7 10. c4 O-O 11. Nc3 Nbd7 12. Bd2 Re8 13. Nf3 b6 14. Rac1 Bb7 15. b4
Rac8 16. a3 Qb8 17. Rc2 Qa8 18. Bc1 d5 19. cxd5 Nxe4 20. Nxe4 exd5 21. Rxc8
Bxc8 22. Qa2 dxe4 23. Ng5 Re7 24. Nxf7 Kf8 25. Bc4 Nf6 26. Be3 Qc6 27. Ne5 Qd6
28. Qf2 Be6 29. Bxb6 Nd7 30. Nxd7+ Qxd7 31. Bxa6 Kg8 32. Bc5 Re8 33. Qe2 Qd5
34. Bb5 Rd8 35. a4 h5 36. h3 Kh7 37. a5 Qf5 38. Bc6 Bd5 39. Bxd5 Rxd5 40. a6
Rd3 41. Qa2 1-0

[Event "Championnat de Paris"]
[Site "Paris"]
[Date "????.??.??"]
[Round "4.15"]
[White "Morelle, Ludovic"]
[Black "Kazhgaleyev, Murtas"]
[Result "1/2-1/2"]
[WhiteElo "2283"]
[BlackElo "2606"]
[PlyCount "130"]

1. e4 c5 2. c3 b6 3. d4 Bb7 4. f3 g6 5. Be3 d6 6. Qd2 Bg7 7. Bd3 Nd7 8. Ne2
Ngf6 9. O-O O-O 10. Ng3 a6 11. Na3 b5 12. Rae1 e5 13. Bb1 cxd4 14. cxd4 d5 15.
dxe5 Nxe5 16. Bf4 Nc4 17. Nxc4 dxc4 18. Qf2 Nd7 19. Rd1 Qc8 20. Bd6 Rd8 21. f4
Nf6 22. e5 Ne8 23. Ne4 Nxd6 24. Nxd6 Qc7 25. Nxb7 Qxb7 26. Qe3 Qe7 27. Be4 Rac8
28. a3 Rc7 29. Bf3 Bf8 30. Kh1 Rcd7 31. Qe2 Rd4 32. g3 Qe6 33. Rxd4 Rxd4 34.
Rd1 Bc5 35. Kg2 h5 36. Be4 h4 37. Rxd4 h3+ 38. Kf3 Bxd4 39. Qd2 Qb6 40. g4 Kg7
41. Kg3 Qc5 42. Kxh3 Bxb2 43. e6 Bf6 44. g5 Be7 45. exf7 Qxa3+ 46. Kg2 Qc5 47.
Qc3+ Kxf7 48. Qf3 a5 49. Bd5+ Kf8 50. Kh3 a4 51. Qe4 Qa3+ 52. Kg4 Qd6 53. f5
Qxh2 54. fxg6 Qg1+ 55. Kh3 Qxg5 56. Qe6 Qh4+ 57. Kg2 Qg5+ 58. Kh3 Qh6+ 59. Kg2
Qd2+ 60. Kh3 Qd3+ 61. Kg2 Qc2+ 62. Kh3 Qc3+ 63. Kg2 Qd2+ 64. Kh3 Qh6+ 65. Kg2
Qg5+ 1/2-1/2

[Event "Championnat de Paris"]
[Site "Paris"]
[Date "????.??.??"]
[Round "4.16"]
[White "Bergez, Luc"]
[Black "Leconte, Maria"]
[Result "0-1"]
[WhiteElo "2398"]
[BlackElo "2304"]
[PlyCount "46"]

1. e4 e6 2. d4 d5 3. Nc3 Nf6 4. Bg5 Bb4 5. e5 h6 6. Bxf6 gxf6 7. exf6 Qxf6 8.
Nf3 c5 9. a3 Ba5 10. Bb5+ Bd7 11. O-O a6 12. Bxd7+ Nxd7 13. Ne2 Bc7 14. Rc1 Rg8
15. Kh1 cxd4 16. Qxd4 Qxd4 17. Nfxd4 Ne5 18. f4 Nc4 19. Rf3 O-O-O 20. b3 Nd2
21. Re3 Bb6 22. Re5 Kb8 23. Kg1 Nf3+ 0-1

[Event "Championnat de Paris"]
[Site "Paris"]
[Date "????.??.??"]
[Round "4.17"]
[White "Manouck, Thierry"]
[Black "Brochet, Philippe"]
[Result "1/2-1/2"]
[WhiteElo "2337"]
[BlackElo "2398"]
[PlyCount "61"]

1. c4 e5 2. g3 f5 3. d4 Bb4+ 4. Bd2 Bxd2+ 5. Qxd2 d6 6. dxe5 dxe5 7. Qxd8+ Kxd8
8. Nc3 Nf6 9. Rd1+ Ke7 10. Nf3 e4 11. Nd4 Rd8 12. Bh3 g6 13. O-O Na6 14. f3 Nc5
15. Bg2 exf3 16. exf3 Ne6 17. Rfe1 Kf7 18. Ndb5 Rxd1 19. Rxd1 a6 20. Nd4 f4 21.
Nd5 Nxd5 22. cxd5 Nxd4 23. Rxd4 fxg3 24. Rc4 gxh2+ 25. Kxh2 c6 26. dxc6 bxc6
27. Rxc6 Be6 28. Rc7+ Kf6 29. Rxh7 Bxa2 30. Rc7 Bd5 31. f4 1/2-1/2

[Event "Championnat de Paris"]
[Site "Paris"]
[Date "????.??.??"]
[Round "4.18"]
[White "Karr, Jean-Philippe"]
[Black "Karim, Ismael"]
[Result "1-0"]
[WhiteElo "2394"]
[BlackElo "2288"]
[PlyCount "65"]

1. d4 d5 2. c4 dxc4 3. e4 e5 4. Nf3 exd4 5. Bxc4 Bb4+ 6. Nbd2 Nc6 7. O-O Nf6 8.
e5 Nd5 9. a3 Be7 10. Qb3 Na5 11. Qa4+ Nc6 12. Qb3 Na5 13. Qa4+ Nc6 14. Nxd4 Nb6
15. Nxc6 Nxa4 16. Nxd8 Bxd8 17. f4 Nb6 18. Bd3 Be6 19. f5 Bd5 20. Ne4 Be7 21.
f6 gxf6 22. Nxf6+ Bxf6 23. exf6 O-O-O 24. Bf5+ Kb8 25. Bh6 Rhe8 26. Rfe1 Nc4
27. Rxe8 Rxe8 28. Rd1 Bc6 29. Bxh7 Nxb2 30. Rd4 b5 31. Bg6 fxg6 32. f7 Rc8 33.
Bg5 1-0

[Event "Championnat de Paris"]
[Site "Paris"]
[Date "????.??.??"]
[Round "4.19"]
[White "Paredes Galan, Angel"]
[Black "Peyrat, Olivier"]
[Result "0-1"]
[WhiteElo "2361"]
[BlackElo "2251"]
[PlyCount "168"]

1. c4 e6 2. Nc3 d5 3. e3 Nf6 4. Nf3 Be7 5. b3 O-O 6. Be2 b6 7. O-O Bb7 8. Bb2
c5 9. cxd5 Nxd5 10. a3 Nc6 11. Ne4 Rc8 12. Rc1 Nf6 13. Ng3 Qd5 14. Bc4 Qd6 15.
Ng5 Ne5 16. Qc2 h6 17. N5e4 Nxe4 18. Nxe4 Bxe4 19. Qxe4 Nxc4 20. bxc4 Rfd8 21.
Rfd1 Bf8 22. d3 Qc6 23. Qg4 Qa4 24. h4 Qb3 25. Qe2 Rd7 26. h5 Rcd8 27. Rc3 Qa4
28. Rc2 Bd6 29. Rcd2 Be7 30. Qg4 Bf8 31. f4 Re8 32. e4 Qc6 33. Rf1 Kh8 34. Rf3
f6 35. Rg3 Rf7 36. Rf2 Rd8 37. Qe2 Qe8 38. Rg6 Bd6 39. Qg4 e5 40. f5 Bf8 41.
Rf3 Rfd7 42. Rg3 Qf7 43. Qe2 Kh7 44. Bc1 Rd4 45. Rh3 R4d6 46. Rgg3 a6 47. a4
Rb8 48. Kh2 Rd7 49. Rg6 Rdb7 50. Rf3 b5 51. axb5 axb5 52. cxb5 Rxb5 53. Rf2 Rb1
54. Be3 R1b3 55. Qa2 c4 56. Rd2 Qb7 57. Rg3 cxd3 58. Bxh6 Qxe4 59. Be3 Qxf5 60.
Qa7 R3b7 61. Qa6 Rd7 62. Qc6 e4 63. h6 Qd5 64. hxg7 Bxg7 65. Qa4 Rh8 66. Rb2
Kg8+ 67. Kg1 Rh5 68. Qa6 Kh7 69. Qc8 Qf7 70. Rf2 Qd5 71. Qe8 Rf7 72. Rb2 Re5
73. Rh3+ Rh5 74. Rg3 Re5 75. Rh3+ Rh5 76. Rg3 Qd7 77. Qxe4+ f5 78. Qf3 Rh4 79.
Rh3 Rxh3 80. Qxh3+ Kg8 81. Rd2 Qd5 82. Qf3 Qe4 83. Bf2 Rd7 84. Qh5 Rd6 0-1

[Event "Championnat de Paris"]
[Site "Paris"]
[Date "????.??.??"]
[Round "4.20"]
[White "Shchekachev, Andrei"]
[Black "Rrhioua, Tarik"]
[Result "1-0"]
[WhiteElo "2593"]
[BlackElo "2329"]
[PlyCount "53"]

1. Nf3 Nf6 2. c4 g6 3. Nc3 Bg7 4. e4 d6 5. d4 O-O 6. Be2 e5 7. Be3 Na6 8. O-O
Ng4 9. Bg5 f6 10. Bc1 h5 11. Rb1 Nh6 12. b4 exd4 13. Nxd4 f5 14. Bxh6 Bxh6 15.
exf5 Bxf5 16. Nxf5 Rxf5 17. Bd3 Rf6 18. Nd5 c6 19. Nxf6+ Qxf6 20. c5 Nc7 21.
cxd6 Qxd6 22. Bc4+ Nd5 23. b5 Qc5 24. Qd3 Kh7 25. bxc6 bxc6 26. Bxd5 cxd5 27.
Rb5 1-0

[Event "Championnat de Paris"]
[Site "Paris"]
[Date "????.??.??"]
[Round "4.21"]
[White "Reinhart, Emmanuel"]
[Black "Zatonskih, Anna"]
[Result "0-1"]
[WhiteElo "2266"]
[BlackElo "2432"]
[PlyCount "100"]

1. e4 e6 2. d4 d5 3. e5 c5 4. Nf3 cxd4 5. Bd3 Ne7 6. Nbd2 Qc7 7. O-O Nbc6 8.
Re1 Ng6 9. Nb3 Bb4 10. Bd2 Bxd2 11. Qxd2 Ncxe5 12. Nxe5 Nxe5 13. Qg5 f6 14.
Bb5+ Kf7 15. Qh5+ Ng6 16. Bd3 Bd7 17. Nxd4 Qf4 18. Bb5 Bc8 19. Rad1 e5 20. h3
Rd8 21. Nb3 Qf5 22. Qe2 a6 23. Bd3 Nf4 24. Bxf5 Nxe2+ 25. Rxe2 Bxf5 26. c3 Rac8
27. Red2 Be6 28. f3 g5 29. Kf2 h5 30. Ke3 Re8 31. Kf2 h4 32. Ke3 Red8 33. Nc1
Ke7 34. Ne2 Rg8 35. Kf2 Rc4 36. Ke3 a5 37. Kf2 b5 38. a3 Rc7 39. Ke3 b4 40.
axb4 axb4 41. Ra1 Rb8 42. Ra6 bxc3 43. bxc3 Rb3 44. Kf2 Rcb7 45. Ra5 Rb2 46.
Rxb2 Rxb2 47. Ke3 f5 48. Ra7+ Bd7 49. Kf2 Kd6 50. Ra6+ Kc5 0-1

[Event "Championnat de Paris"]
[Site "Paris"]
[Date "????.??.??"]
[Round "4.22"]
[White "Shirazi, Kamran"]
[Black "Camus De Solliers, Guillaume"]
[Result "1-0"]
[WhiteElo "2429"]
[BlackElo "2307"]
[PlyCount "61"]

1. e4 e6 2. d4 d5 3. Nc3 Bb4 4. exd5 exd5 5. Nge2 Nf6 6. a3 Bd6 7. Bf4 O-O 8.
Qd2 Re8 9. f3 Bxf4 10. Qxf4 Nh5 11. Qd2 Qh4+ 12. Kd1 c6 13. g4 Nf6 14. Qe1 Qh6
15. Qd2 Qh4 16. Qf4 h6 17. Qg3 Qxg3 18. Nxg3 b6 19. h4 Ba6 20. Kd2 Nfd7 21. Bh3
Nf8 22. g5 hxg5 23. hxg5 Nbd7 24. Rh2 g6 25. Rah1 Re7 26. f4 f5 27. Bxf5 Kf7
28. Bg4 Ne6 29. Rh7+ Ke8 30. Bxe6 Rxe6 31. Rh8+ 1-0

[Event "Championnat de Paris"]
[Site "Paris"]
[Date "????.??.??"]
[Round "4.23"]
[White "Azadharf, Farrokh"]
[Black "Onkoud, Abdelaziz"]
[Result "0-1"]
[WhiteElo "2251"]
[BlackElo "2427"]
[PlyCount "82"]

1. e4 d6 2. d4 g6 3. Nc3 Bg7 4. Be3 a6 5. f3 Nd7 6. h4 h5 7. Nh3 b5 8. Qd2 Bb7
9. a4 c6 10. Be2 e6 11. Ng5 Ngf6 12. O-O O-O 13. Rad1 b4 14. Nb1 a5 15. Qe1 Qc7
16. Nd2 c5 17. Nc4 d5 18. exd5 exd5 19. Ne5 cxd4 20. Nxd7 Nxd7 21. Bxd4 Bxd4+
22. Rxd4 Qxc2 23. Bb5 Qc5 24. Qd2 Nf6 25. Kh1 Ba6 26. Rc1 Qe7 27. Bc6 Bb7 28.
Rf4 Nh7 29. Qxd5 Rac8 30. Rfc4 Bxc6 31. Rxc6 Rxc6 32. Qxc6 Nxg5 33. hxg5 Qxg5
34. Qc5 Qd2 35. Rf1 b3 36. Rf2 Qe1+ 37. Kh2 Rd8 38. Qb6 Rd1 39. Qb8+ Kg7 40.
Qxb3 Qg1+ 41. Kh3 Rd4 0-1

[Event "Championnat de Paris"]
[Site "Paris"]
[Date "????.??.??"]
[Round "4.24"]
[White "Spiridonov, Nikola"]
[Black "Emmenecker, Philippe"]
[Result "0-1"]
[WhiteElo "2378"]
[BlackElo "2175"]
[PlyCount "94"]

1. d4 Nf6 2. c4 g6 3. Nc3 Bg7 4. Bg5 O-O 5. e3 d6 6. h3 c5 7. Nf3 h6 8. Bh4
cxd4 9. exd4 Nh5 10. g4 Nf4 11. Bg3 e5 12. Bxf4 exf4 13. Qd2 Re8+ 14. Be2 g5
15. O-O-O Nc6 16. Bd3 a6 17. Bb1 b5 18. cxb5 Nb4 19. a3 Bb7 20. Be4 Na2+ 21.
Kc2 Rxe4 22. Nxa2 Rc8+ 23. Kb1 Re8 24. d5 Qf6 25. Nb4 axb5 26. Rhe1 Qg6+ 27.
Ka2 Re4 28. Rxe4 Qxe4 29. Qd3 Qxd3 30. Rxd3 Rc1 31. Nd2 Re1 32. Nb3 Re2 33. Rd2
f3 34. Kb1 Re1+ 35. Kc2 Bc8 36. Kd3 f5 37. Rc2 Re8 38. Nc6 Bd7 39. Nbd4 fxg4
40. hxg4 Bxg4 41. b4 Bh5 42. Kd2 Bg6 43. Rc3 Re4 44. Rd3 g4 45. Nxb5 Re2+ 46.
Kd1 Bxd3 47. Nbd4 Rxf2 0-1

[Event "Championnat de Paris"]
[Site "Paris"]
[Date "????.??.??"]
[Round "4.25"]
[White "Houhou, Olivier"]
[Black "Picard, Romain"]
[Result "1/2-1/2"]
[WhiteElo "2255"]
[BlackElo "2357"]
[PlyCount "73"]

1. e4 e6 2. d4 d5 3. Nc3 Nf6 4. e5 Nfd7 5. f4 c5 6. Nce2 Nc6 7. Nf3 Qb6 8. c3
f6 9. a3 a5 10. b3 Be7 11. Ng3 O-O 12. exf6 Nxf6 13. Bd3 cxd4 14. cxd4 Bd6 15.
Bc2 Bd7 16. O-O e5 17. fxe5 Nxe5 18. Nf5 Bxf5 19. Bxf5 Rae8 20. Ng5 g6 21. Be6+
Kg7 22. Bh3 Bb8 23. Ne6+ Rxe6 24. Bxe6 Qxe6 25. dxe5 Bxe5 26. Ra2 Ng4 27. g3
Rxf1+ 28. Kxf1 h5 29. Qf3 Qc6 30. Bf4 Qb5+ 31. Kg2 Bxf4 32. Qxf4 Qd3 33. Qc7+
Kh6 34. Qf4+ Kg7 35. Qc7+ Kh6 36. Qf4+ Kg7 37. Qc7+ 1/2-1/2

[Event "Championnat de Paris"]
[Site "Paris"]
[Date "????.??.??"]
[Round "4.26"]
[White "Spielmann, Alain"]
[Black "Badev, Kiril"]
[Result "0-1"]
[WhiteElo "2231"]
[BlackElo "2340"]
[PlyCount "80"]

1. Nf3 d6 2. d4 Bg4 3. g3 Bxf3 4. exf3 d5 5. c3 e6 6. Bd3 Nf6 7. Nd2 Be7 8. f4
g6 9. Nf3 c5 10. dxc5 Bxc5 11. O-O O-O 12. Qe2 Nc6 13. Ne5 Qc7 14. Kg2 Rfd8 15.
Bd2 Bf8 16. Rae1 Bg7 17. Bc1 Rac8 18. g4 d4 19. c4 Nb4 20. b3 Nxd3 21. Nxd3 b5
22. cxb5 Qb7+ 23. Qf3 Qxb5 24. Rd1 Rc3 25. Bb2 Rc2 26. h3 Nd5 27. Kg1 Nc3 28.
Bxc3 dxc3 29. Ne5 Rcd2 30. Nc4 R2d5 31. Ne3 Rd3 32. Qe4 R8d4 33. Qa8+ Bf8 34.
Rxd3 Qxd3 35. Re1 Rxf4 36. Kg2 Kg7 37. Qxa7 Bd6 38. Rc1 Qd2 39. Rf1 c2 40. Qd7
c1=Q 0-1

[Event "Championnat de Paris"]
[Site "Paris"]
[Date "????.??.??"]
[Round "4.27"]
[White "Dourerassou, Jonathan"]
[Black "Sochacki, Christophe"]
[Result "1-0"]
[WhiteElo "2336"]
[BlackElo "2030"]
[PlyCount "60"]

1. e4 c5 2. Nf3 e6 3. d4 cxd4 4. Nxd4 a6 5. Nc3 b5 6. Bd3 Qb6 7. Be3 Bc5 8. Be2
d6 9. a4 b4 10. a5 Qc7 11. Na4 Bb7 12. e5 Nd7 13. exd6 Bxd6 14. Bf3 Bxf3 15.
Qxf3 Rd8 16. Qe2 Qb7 17. O-O Ngf6 18. Rfd1 Nd5 19. Bg5 N7f6 20. Nf5 O-O 21.
Bxf6 exf5 22. Bxd8 Rxd8 23. Qf3 Be5 24. Nb6 Bxb2 25. Nxd5 Qa7 26. Rab1 Bd4 27.
Rxb4 Re8 28. Rb7 Qc5 29. Qxf5 Kh8 30. Rc7 Qf8 1-0

[Event "Championnat de Paris"]
[Site "Paris"]
[Date "????.??.??"]
[Round "4.28"]
[White "Blazkova, Petra"]
[Black "Toulzac, Pierre-Yves"]
[Result "1/2-1/2"]
[WhiteElo "2173"]
[BlackElo "2331"]
[PlyCount "76"]

1. e4 d6 2. d4 Nf6 3. Nc3 c6 4. Nf3 Bg4 5. h3 Bh5 6. g4 Bg6 7. Qe2 e6 8. h4 h5
9. g5 Nfd7 10. d5 e5 11. Bh3 Nb6 12. Be3 Be7 13. O-O-O O-O 14. Nd2 cxd5 15.
exd5 Na6 16. Qb5 Nc7 17. Bxb6 axb6 18. Qxb6 Qb8 19. Kb1 Ra6 20. Qe3 b5 21. Nb3
b4 22. Ne2 Qb5 23. Nec1 Nxd5 24. Qe2 Nc7 25. Qxb5 Nxb5 26. Rhe1 f6 27. Nd3 fxg5
28. Nxb4 Ra4 29. Nd5 Ra7 30. Bf1 Rxf2 31. Re2 Rxe2 32. Bxe2 Nd4 33. Nxd4 exd4
34. hxg5 Bf7 35. Rxd4 Bxg5 36. a3 Ra5 37. Bf3 h4 38. c4 h3 1/2-1/2